000 00701nam a22002297a 4500
003 UA-OsUOA
001 93212
007 ta
008 20130116b un ||||| |||| 00| 0 ukr d
100 _aГлинка Ф.
090 _a821.161.1
_bГ54
942 _cBK
040 _aUA-OsUOA
_brus
_cUA-OsUOA
_dUA-OsUOA
245 _aПисьма русского офицера. Зиновий Богдан Хмельницкий, или освобожденная Малороссия
300 _a493 с.
955 _a2
041 _arus
080 _a821.161.1
260 _aК.
_bДніпро
_c1991
650 7 _a82 Література. Літературознавство
_2UDC
999 _c379431
_d379431